| 000 | 00389nam a22001577a 4500 | ||
|---|---|---|---|
| 020 | _a0 19 888032 4 | ||
| 082 | _a330.942CHA | ||
| 100 | _aChamber J.D. | ||
| 245 | _aThe workshop of the world | ||
| 260 |
_aLondon _bOxford _c1968 |
||
| 300 |
_aviii,165p _b25cm |
||
| 500 | _aInclude Bibliography and Index | ||
| 650 | _aThe workshop of the world | ||
| 700 | _aChamber J.D. | ||
| 942 | _cBK | ||
| 999 |
_c14781 _d14781 |
||